000 00317nam a22001457a 4500
008 210310b ||||| |||| 00| 0 eng d
020 _a9781609726454
041 _aeng
080 _a510
082 _a510
100 _a36
101 _aMAT
245 _aCarnegie Learning Geometry
_cDengler, D
942 _2udc
_cBK
999 _c56150
_d56150